Halloween Word Ladder Quiz Stats

Quiz Updated Mar 30, 2012

Challenge
Share
Tweet
Embed
Score 0/10 Timer 01:00
4 Plays Today
Clue Word % Correct
***** or TreatTrick
99.5%
Not thinThick
86.2%
Trick or *****Treat
84.9%
A young birdChick
78.6%
Fleshy part of the face Cheek
76.5%
Small stream of water Creek
70.4%
To welcome in a friendly wayGreet
66.3%
Socrates or ZorbaGreek
63.7%
Large in sizeGreat
61.3%
To obstruct or impedeCheck
58.8%

You're not logged in!

Compare scores with friends on all Sporcle quizzes.
Sign Up with Email
OR
Log In

You Might Also Like...

Show Comments

Extras

Top Quizzes Today


Score Distribution

Your Account Isn't Verified!

In order to create a playlist on Sporcle, you need to verify the email address you used during registration. Go to your Sporcle Settings to finish the process.